000 01044nam a2200277 a 4500
008 951121s1986||||[C 0 slo c
020 _c38 Kčs.
_q(18500 výtl.)
040 _aSNK
_bslo
_cSNK
_eAACR2
041 1 _aslo
_hfre
044 _axo
_cSK
080 _a840-3(081)
100 1 _aMaupassant, Guy de
_4aut
245 1 0 _aPierre a Jean. Nedele Parížskeho meštiaka. Márna krása. Slečna Fifi
_cGuy de Maupassant ; Miroslava Bártová, Anton Vantuch, Alica Wursterová, Pavel Hrach, Ján Hladík, Anton Vantuch
_p2.DIEL
250 _a1., vyd.
260 _aBratislava
_bTatran
_c1986
_eMartin
_fTlačiarne SNP
300 _a235 s., 33,50 AH
_c20 cm
490 0 _aZlatý fond svetovej literatúry
_vZv. 79.
500 _aSéria: Guy de Maupassant. Zv. 2. Cena za 1.-3. zv. 115 Kčs. Rozlož. tit. list.
700 1 _aBártová, Miroslava
_4trl
700 1 _aVantuch, Anton
_4trl
700 1 _aWursterová, Alica
_4trl
700 1 _aHrach, Pavel
_4bkd
700 1 _aHladík, Ján
_4bkd
700 1 _aVantuch, Anton
_4oth
958 _aA
999 _c12297
_d12297